000 01279nam2a22002411 4500
001 RU\NLR\INFOCOMM18\1000089113
005 20250617150918.0
035 _a(NLR Aleph) 002736351
090 _a2011862
_c2011862
100 _a20040126d1976 |||y0rusy50 ca
101 0 _arus
102 _aRU
105 _ay |||||||||
200 1 _aПрименение вычислительной техники в проектировании и исследованиях систем электромеханики
210 _d1976
_aБ. м.
461 0 _1001RU\NLR\INFOCOMM18\1000089071
_12001#$aТруды ВНИИЭМ$fНауч.-произв. предприятие Всерос. НИИ электромеханики с з-дом (ВНИИЭМ)$vТ.47
_92011484
_a"Всероссийский НИИ электромеханики с заводом", научно-производственное предприятие
_cМ.
_d1959 - 2008
_fНауч.-произв. предприятие Всерос. НИИ электромеханики с з-дом (ВНИИЭМ)
_nВНИИЭМ
_tТруды ВНИИЭМ
_x0205-9428
_vТ.47
801 1 _aRU
_bInfoComm
_c20040126
801 0 _aRU
_bNLR
_gPSBO
852 _aNLR
_jП10/2246
942 _cISSUE
980 _aNB
980 _aRUSPER